<?xml version="1.0" encoding="UTF-8"?>
<record
    xmlns:xsi="http://www.w3.org/2001/XMLSchema-instance"
    xsi:schemaLocation="http://www.loc.gov/MARC21/slim http://www.loc.gov/standards/marcxml/schema/MARC21slim.xsd"
    xmlns="http://www.loc.gov/MARC21/slim">

  <leader>00928nam a2200265 i 4500</leader>
  <controlfield tag="001">10055</controlfield>
  <controlfield tag="003">ES-MaACL</controlfield>
  <controlfield tag="005">20230906145818.0</controlfield>
  <controlfield tag="007">t|</controlfield>
  <controlfield tag="008">950125s1993    fr           ||||1| fre d</controlfield>
  <datafield tag="020" ind1=" " ind2=" ">
    <subfield code="a">2-86820-118-0</subfield>
  </datafield>
  <datafield tag="080" ind1=" " ind2=" ">
    <subfield code="a">32(4)"19"</subfield>
  </datafield>
  <datafield tag="080" ind1=" " ind2=" ">
    <subfield code="a">008(4)"19"</subfield>
  </datafield>
  <datafield tag="245" ind1="0" ind2="0">
    <subfield code="a">Mutations dans l'Europe contemporaine </subfield>
    <subfield code="b">: Chantiers de recherche.</subfield>
  </datafield>
  <datafield tag="260" ind1=" " ind2=" ">
    <subfield code="a">Strasbourg : </subfield>
    <subfield code="b">Presses Universitaires, </subfield>
    <subfield code="c">1993.</subfield>
  </datafield>
  <datafield tag="300" ind1=" " ind2=" ">
    <subfield code="a">162 p. ; </subfield>
    <subfield code="c">23 cm.</subfield>
  </datafield>
  <datafield tag="490" ind1="1" ind2=" ">
    <subfield code="a">Maison des Sciences de l'Homme de Strasbourg ; </subfield>
    <subfield code="v">10</subfield>
  </datafield>
  <datafield tag="500" ind1=" " ind2=" ">
    <subfield code="a">Colloque des 6 &amp; 7 mai 1992. Maison des Sciences de L'Homme de Strasbourg.</subfield>
  </datafield>
  <datafield tag="500" ind1=" " ind2=" ">
    <subfield code="a">Precede al t&#xED;tulo: "Avanc&#xE9;es..."</subfield>
  </datafield>
  <datafield tag="651" ind1=" " ind2="4">
    <subfield code="a">Europa-</subfield>
    <subfield code="x">Civilizaci&#xF3;n-</subfield>
    <subfield code="y">S.XX.</subfield>
    <subfield code="9">8592</subfield>
  </datafield>
  <datafield tag="651" ind1=" " ind2="4">
    <subfield code="a">Europa-</subfield>
    <subfield code="x">Pol&#xED;tica y gobierno-</subfield>
    <subfield code="y">S.XX.</subfield>
    <subfield code="9">8628</subfield>
  </datafield>
  <datafield tag="830" ind1="0" ind2=" ">
    <subfield code="a">Maison des Sciences de l'Homme de Strasbourg ; </subfield>
    <subfield code="v">10</subfield>
    <subfield code="9">228094</subfield>
  </datafield>
  <datafield tag="852" ind1=" " ind2=" ">
    <subfield code="a">ES-MaACL</subfield>
    <subfield code="j">L-17408 </subfield>
    <subfield code="b">R.122615</subfield>
  </datafield>
  <datafield tag="999" ind1=" " ind2=" ">
    <subfield code="c">10055</subfield>
    <subfield code="d">10055</subfield>
  </datafield>
  <datafield tag="952" ind1=" " ind2=" ">
    <subfield code="0">0</subfield>
    <subfield code="1">0</subfield>
    <subfield code="4">0</subfield>
    <subfield code="7">0</subfield>
    <subfield code="a">ATENEOM</subfield>
    <subfield code="b">ATENEOM</subfield>
    <subfield code="c">DEPO2</subfield>
    <subfield code="d">2008-01-17</subfield>
    <subfield code="e">SC</subfield>
    <subfield code="l">0</subfield>
    <subfield code="o">L-17408</subfield>
    <subfield code="p">1010262</subfield>
    <subfield code="r">2023-02-23 00:00:00</subfield>
    <subfield code="w">2023-02-23</subfield>
    <subfield code="y">MONOGRAFIA</subfield>
  </datafield>
</record>
